[Event "9th Rubinstein Memorial"]
[Site "Polanica Zdroj POL"]
[Date "1971.09.02"]
[Round "15"]
[White "Espig, Lutz"]
[Black "Pytel, Krzysztof"]
[WhiteElo "2460"]
[BlackElo "2320"]
[Result "1/2-1/2"]
[EventDate "1971.08.16"]
[PlyCount "32"]
1. Nf3 Nf6 2. c4 c5 3. d4 cxd4 4. Nxd4 e6 5. Nc3 Bb4 6. Bd2 Nc6 7. Nxc6 bxc6 8. a3 Be7 9. e4 d5 10. cxd5 cxd5 11. exd5 Nxd5 12. Bb5+ Bd7 13. Qa4 Nb6 14. Bxd7+ Qxd7 15. Qxd7+ Kxd7 16. Rd1 Kc6 1/2-1/2

[Event "9th Rubinstein Memorial"]
[Site "Polanica Zdroj POL"]
[Date "1971.09.02"]
[Round "15"]
[White "Kozma, Julius"]
[Black "Manasterski, Lutoslaw"]
[WhiteElo "2360"]
[BlackElo "2350"]
[Result "0-1"]
[EventDate "1971.08.16"]
[PlyCount "132"]
1. d4 Nf6 2. c4 g6 3. Nc3 Bg7 4. e4 d6 5. Be2 O-O 6. Bg5 c5 7. d5 b5 8. cxb5 Qa5 9. Qd2 a6 10. bxa6 Bxa6 11. Nf3 Bxe2 12. Qxe2 Nxd5 13. Kf1 Bxc3 14. exd5 Bf6 15. Bxf6 exf6 16. g3 Nd7 17. Kg2 Rfe8 18. Qd3 Ne5 19. Nxe5 Rxe5 20. b3 Rae8 21. Rhc1 f5 22. a4 Qa8 23. Rd1 Re4 24. Rac1 Rd4 25. Qf3 Rb4 26. Rd3 Ree4 27. Rc2 h5 28. h4 f4 29. Re2 f5 30. Rdd2 fxg3 31. Rxe4 Rxe4 32. fxg3 Qe8 33. Kf2 f4 34. gxf4 Qe7 35. Qg3 Qf6 36. Kg2 Kg7 37. a5 Qa1 38. Qf3 Re7 39. Re2 Rf7 40. Rf2 Qxa5 41. Re2 Qb4 42. Kg3 Qd4 43. Re3 Rb7 44. Qe2 Rb4 45. Re7+ Kh6 46. Qe3 Qxe3+ 47. Rxe3 Kg7 48. Re7+ Kf6 49. Re6+ Kf5 50. Rxd6 Rxb3+ 51. Kf2 Rd3 52. Rd8 Kxf4 53. Ke2 Rd4 54. d6 Kg4 55. d7 Kxh4 56. Rg8 Rxd7 57. Rxg6 Rd5 58. Kf3 Rf5+ 59. Ke4 Rg5 60. Ra6 Kg4 61. Ra1 h4 62. Rg1+ Kh5 63. Rh1 c4 64. Kd4 Rg4+ 65. Kc3 Rf4 66. Kd2 Re4 0-1